000 01088nam0a2200289 4500
001 RU\NLR\BIBL_A\022584783
005 20250727043128.0
035 _a(NLR Aleph) 022584783
090 _a13453866
_c13453866
100 _a20250714d1987 |||y0rusy50 ca
101 0 _aswa
102 _aRU
105 _ay z 001zy
200 1 _aMaongozi ya kinadharia ya Marx na Lenin ni nini?
_dЧто такое марксизм-ленинизм?
_fV. Buzuyev, V. Gorodnov
_gH. A. Razak
_zrus
210 _aMoscow
_cProgress Publishers
_d1987
215 _a365 [3] с.
_d17 см.
225 1 _aMisingi ya maarifa ya kijamii-kisiasa
_dОсновы социально-политических знаний
_zrus
606 0 _aСуахили язык
_2nlr_sh1
606 1 _aМарксизм-ленинизм
700 1 _aБузуев
_bВ. М.
_gВладимир Михайлович
_4070
702 1 _aГороднов
_bВ.
_gВладимир
_4070
702 1 _aRazak
_bH. A.
_gHusein Abdul
_4730
852 _aNLR
_bОЛСАА-афр
_j2-1115
942 _cBOOK
980 _aNB
980 1 _aAFR